4 kroky, ako registrovať ochrannú známku
Budovanie značky prostredníctvom reklamných či marketingových aktivít – ochranná známka je jedným z najcennejších aktív spoločnosti. Postupné kroky, ako registrovať ochrannú známku na Slovensku.
Enregistré dans:
| Auteur principal: | |
|---|---|
| Format: | Chapitre de livre |
| Langue: | slovaque |
| Sujets: | |
| Tags: |
Pas de tags, Soyez le premier à ajouter un tag!
|
MARC
| LEADER | 00000naa a2200000 4500 | ||
|---|---|---|---|
| 001 | 0217136 | ||
| 005 | 20230912114925.1 | ||
| 041 | 0 | |a slo | |
| 044 | |a SK | ||
| 245 | 1 | 0 | |a 4 kroky, ako registrovať ochrannú známku |c Patrik Škulavík |
| 520 | |a Budovanie značky prostredníctvom reklamných či marketingových aktivít – ochranná známka je jedným z najcennejších aktív spoločnosti. Postupné kroky, ako registrovať ochrannú známku na Slovensku. | ||
| 610 | 2 | 0 | |a Slovensko |
| 610 | 2 | 0 | |a budovanie značky |
| 610 | 2 | 0 | |a vlastníctvo duševné |
| 610 | 2 | 0 | |a známky ochranné |
| 610 | 2 | 0 | |a logo |
| 610 | 2 | 0 | |a značky |
| 610 | 2 | 0 | |a registrácia |
| 100 | 1 | |a Škulavík, Patrik | |